[Event "GER-chT U10"]
[Site "Magdeburg"]
[Date "2013.12.28"]
[Round "3.2"]
[White "Grunert, Friedrich"]
[Black "Schepers Aroyo, Adrian"]
[Result "1-0"]
[WhiteElo "600"]
[BlackElo "1059"]
[PlyCount "107"]
[EventDate "2013.12.27"]
[EventType "team-swiss"]
[EventRounds "5"]
[EventCountry "GER"]
[SourceTitle "EXT 2015"]
[Source "ChessBase"]
[SourceDate "2014.11.20"]
[SourceVersion "1"]
[SourceVersionDate "2014.11.20"]
[SourceQuality "1"]
[WhiteTeam "Muenchen Suedost"]
[BlackTeam "Berlin Schachpinguine"]
[WhiteTeamCountry "GER"]
[BlackTeamCountry "GER"]

1. d4 Nf6 2. Nc3 g6 3. e4 d6 4. Bf4 e5 5. dxe5 dxe5 6. Qxd8+ Kxd8 7. Bxe5 Be7 8. 0-0-0+ Bd7 9. Nd5 Nxe4 10. Bxh8 Nxf2 11. Be5 Nxd1 12. Nxc7 Nf2 13. Nxa8 Nxh1 14. Bxb8 Nf2 15. Bc4 Bg5+ 16. Kb1 Be6 17. Bxe6 fxe6 18. Bxa7 Ng4 19. Nf3 Bh6 20. h3 Nf6 21. Ne5 Ke7 22. Bc5+ Ke8 23. Nc7+ Kd8 24. Nxe6+ Ke8 25. a4 Nd7 26. Nxd7 Kxd7 27. Nf8+ Kc6 28. Ba3 Kd5 29. Nxh7 Ke4 30. Nf6+ Kf4 31. h4 Kg3 32. h5 gxh5 33. Nxh5+ Kxg2 34. b4 Bf8 35. Kb2 Kf3 36. b5 Bxa3+ 37. Kxa3 Ke4 38. Kb4 Kd5 39. c4+ Kd6 40. a5 Kc7 41. b6+ Kb8 42. Kb5 Ka8 43. a6 bxa6+ 44. Kxa6 Kb8 45. c5 Kc8 46. c6 Kb8 47. Nf6 Ka8 48. Nd5 Kb8 49. Ne7 Ka8 50. Kb5 Kb8 51. Ka5 Ka8 52. Ka6 Kb8 53. c7+ Ka8 54. b7# 1-0